Estadísticas para Países que Reciben el Mayor Número de Turistas

Haz click aquí para tomar la prueba!

Estadísticas generales

  • Esta prueba ha sido tomada 3,353 veces
    (2,065 desde el último reinicio)
  • La puntuación promedio es 19 de 24

Estadísticas de respuestas

# de turistas País % Correct
82.6 mFrancia
99%
75.6 mEstados Unidos
99%
75.6 mEspaña
99%
59.3 mChina
98%
52.4 mItalia
97%
24.0 mJapón
96%
35.0 mMéxico
95%
35.6 mAlemania
94%
24.6 mRusia
94%
35.8 mReino Unido
93%
20.0 mCanadá
89%
14.6 mIndia
86%
24.8 mGrecia
81%
32.6 mTailandia
76%
~30 mTurquía
73%
15.8 mPaíses Bajos
72%
17.2 mCorea del Sur
68%
17.5 mPolonia
65%
28.1 mAustria
62%
14.8 mEmiratos Árabes Unidos
46%
18.0 mArabia Saudita
45%
13.8 mCroacia
44%
26.8 mMalasia
43%
15.3 mHungría
41%

Distribución de puntuación

Porcentaje por número respondido

Porcentaje de gente con cada puntuación

Historial de tus puntuaciones

No has tomado esta prueba desde el último reinicio